Pasolini /

Đã lưu trong:
Chi tiết về thư mục
Tác giả khác: Mastandrea, Valerio (Diễn viên), Tranquillino, Nicola (Người viết kịch bản), Davoli, Ninetto (Diễn viên), Dafoe, Willem (Diễn viên), Asti, Adriana (Diễn viên), Ferrara, Abel (Giám đốc), Scamarcio, Riccardo (Diễn viên), Falivene, Stefano (Nhiếp ảnh gia), Braucci, Maurizio (Người viết kịch bản)
Định dạng: Slide
Ngôn ngữ:Tiếng Italy
Được phát hành: [Roma] : RAI Cinema : 01 Distribution [distributori, 2015]
Các nhãn: Thêm thẻ
Không có thẻ, Là người đầu tiên thẻ bản ghi này!

MARC

LEADER 00000ngm a22000007i 4500
001 IT\ICCU\MOD\1644842
003 ItRI
005 20260124182920.0
008 150327s2015 it |||||||||||||||k|||||c
024 3 1 |a 8032807057835 
028 4 2 |a 05783 
040 |b ita 
041 7 |a ita  |2 ISO-639-2 
082 |a 791.43  |9 CINEMA  |2 14 
130 0 |a Pasolini <film ; 2014>  |3 IT\ICCU\MOD\1644843 
245 0 0 |a Pasolini /  |c un film di Abel Ferrara ; screenplay by Maurizio Braucci ; based on an idea by Abel Ferrara and Nicola Tranquillino ; director of photography Stefano Falivene. 
260 |a [Roma] :  |b RAI Cinema :  |b 01 Distribution [distributori,  |c 2015] 
300 |a 1 DVD-Video (ca. 86 min.) :  |b color., sonoro ;  |c in contenitore, 19 cm 
500 |a Caratteristiche tecniche: regione 2; PAL; anamorfico 16/9, 1.85:1 
500 |a Lingue: italiano; sottotitoli: italiano 
500 |a Titolo del contenitore 
500 |a Data desunta da catalogo online 
500 |a Interpreti: Willem Dafoe, Riccardo Scamarcio, Ninetto Davoli, Valerio Mastandrea, AdrianaAsti 
500 |a Produzione cinematografica: Italia, Belgio, Francia, 2014. 
700 1 |a Mastandrea, Valerio  |0 IT\ICCU\MODV\133525  |4 act 
700 1 |a Tranquillino, Nicola  |0 IT\ICCU\MODV\658140  |4 sce 
700 1 |a Davoli, Ninetto  |0 IT\ICCU\RAVV\088418  |4 act 
700 1 |a Dafoe, Willem  |0 IT\ICCU\RAVV\089255  |4 act 
700 1 |a Asti, Adriana  |0 IT\ICCU\RAVV\089567  |4 act 
700 1 |a Ferrara, Abel  |0 IT\ICCU\RAVV\093967  |4 drt 
700 1 |a Scamarcio, Riccardo  |0 IT\ICCU\RAVV\403462  |4 act 
700 1 |a Falivene, Stefano  |0 IT\ICCU\RAVV\469920  |4 pht 
700 1 |a Braucci, Maurizio  |0 IT\ICCU\REAV\096539  |4 sce 
790 1 |a Mastrofranco, Saverio  |3 IT\ICCU\SBNV\028117  |z Mastandrea, Valerio 
942 |2 ddc  |c VM  |n 0 
952 |0 0  |1 0  |4 0  |6 VO_2221_000000000000000  |7 0  |9 28007  |a BO  |b BO  |d 2026-01-24  |i 18239  |l 0  |o VO 2221  |p BO18239  |r 2026-01-24 18:29:20  |w 2026-01-24  |x [Sebina 5] [1 dvd]  |y VM  |z 1 dvd 
952 |0 0  |1 0  |4 0  |6 VO_2233_000000000000000  |7 0  |9 28008  |a BO  |b BO  |d 2026-01-24  |i 18371  |l 0  |o VO 2233  |p BO18371  |r 2026-01-24 18:29:20  |w 2026-01-24  |x [Sebina 5] [1 dvd]  |y VM  |z 1 dvd 
999 |c 23736  |d 23736